000 00540nam a2200205Ia 4500
003 OSt
005 20221007112536.0
006 a|||||r|||| 00| 0
007 ta
008 221006b |||||||| |||| 00| 0 eng d
024 _a28,543
037 _cBound Volume
040 _aLCO
_cLCO
_beng
041 _2eng
_aeng
245 0 _aALL INDIA REOORTER CRIMINAL LAW JOURNAL
260 _aNagpur
_bAll India reporter India
_c1904
490 _v930237 90 -1984
942 _cCR
999 _c1198106
_d1198106